| 000 | 00717cam a2200241 i 4500 | ||
|---|---|---|---|
| 999 |
_c3001 _d3001 |
||
| 001 | 4630081 | ||
| 003 | GBCCL | ||
| 005 | 20241126110445.0 | ||
| 008 | 790625s1979 ilu 000 0 eng | ||
| 010 | _a 78058742 | ||
| 020 |
_a0842317600 : _c$3.95 |
||
| 040 |
_aDLC _cDLC _dDLC |
||
| 043 | _an-us--- | ||
| 050 | 0 | 0 |
_aBR1642.U5 _bL48 |
| 082 | 0 | 0 |
_a262 _bLEW |
| 100 | 1 |
_aLewis, Gregory. _96246 |
|
| 245 | 1 | 0 |
_aIs God for sale? : _bA provocative examination of today's church / _cGregory Lewis. |
| 260 |
_aWheaton, Ill. : _bTyndale House Publishers, _cc1979. |
||
| 300 |
_a155 p. ; _c21 cm. |
||
| 650 | 0 |
_aEvangelicalism _zUnited States. _9914 |
|
| 906 |
_a7 _bcbc _corignew _d2 _eocip _f19 _gy-gencatlg |
||
| 942 |
_2ddc _cBK |
||